Influence of the Geometric Parameter on the Regimes of Natural Convection and Thermal Surface Radiation in a Closed Parallelepiped; Journal of Engineering Physics and Thermophysics; Vol. 88, iss. 6

Bibliographische Detailangaben
Parent link:Journal of Engineering Physics and Thermophysics.— , 1965-
Vol. 88, iss. 6.— 2015.— [P. 1522-1529]
1. Verfasser: Martyushev S. G.
Körperschaft: Национальный исследовательский Томский политехнический университет (ТПУ) Энергетический институт (ЭНИН) Кафедра атомных и тепловых электростанций (АТЭС)
Weitere Verfasser: Miroshnichenko I. V., Sheremet M. A. Mikhail Aleksandrovich
Zusammenfassung:Title screen
We have performed a numerical analysis of the stationary regimes of thermogravitational convection and thermal surface radiation in a closed differentially heated parallelepiped. The mathematical model formulated in dimensionless natural velocity–pressure–temperature variables was realized numerically in the control volume approach. Analysis of the radiative heat exchange was carried out on the basis of the surface radiation approach with the use of the balance method in the Polyak variant. We have obtained three-dimensional temperature and velocity fields, as well as dependences for the mean Nusselt number reflecting the influence of the geometric parameter, the Rayleigh number, and the reduced emissive factor of the walls on the flow structure and the heat transfer.
Sprache:Englisch
Veröffentlicht: 2015
Schlagworte:
Online-Zugang:http://dx.doi.org/10.1007/s10891-015-1338-8
Format: MixedMaterials Elektronisch Buchkapitel
KOHA link:https://koha.lib.tpu.ru/cgi-bin/koha/opac-detail.pl?biblionumber=646250

MARC

LEADER 00000nla0a2200000 4500
001 646250
005 20250402144328.0
035 |a (RuTPU)RU\TPU\network\11384 
035 |a RU\TPU\network\11172 
090 |a 646250 
100 |a 20160218d2015 k||y0rusy50 ba 
101 0 |a eng 
102 |a US 
135 |a drcn ---uucaa 
181 0 |a i  
182 0 |a b 
200 1 |a Influence of the Geometric Parameter on the Regimes of Natural Convection and Thermal Surface Radiation in a Closed Parallelepiped  |f S. G. Martyushev, I. V. Miroshnichenko, M. A. Sheremet 
203 |a Text  |c electronic 
300 |a Title screen 
320 |a [References: p. 1529 (22 tit.)] 
330 |a We have performed a numerical analysis of the stationary regimes of thermogravitational convection and thermal surface radiation in a closed differentially heated parallelepiped. The mathematical model formulated in dimensionless natural velocity–pressure–temperature variables was realized numerically in the control volume approach. Analysis of the radiative heat exchange was carried out on the basis of the surface radiation approach with the use of the balance method in the Polyak variant. We have obtained three-dimensional temperature and velocity fields, as well as dependences for the mean Nusselt number reflecting the influence of the geometric parameter, the Rayleigh number, and the reduced emissive factor of the walls on the flow structure and the heat transfer. 
461 |t Journal of Engineering Physics and Thermophysics  |d 1965- 
463 |t Vol. 88, iss. 6  |v [P. 1522-1529]  |d 2015 
610 1 |a электронный ресурс 
610 1 |a труды учёных ТПУ 
700 1 |a Martyushev  |b S. G. 
701 1 |a Miroshnichenko  |b I. V. 
701 1 |a Sheremet  |b M. A.  |c physicist  |c Professor of Tomsk Polytechnic University, Doctor of Physical and Mathematical Sciences  |f 1983-  |g Mikhail Aleksandrovich  |3 (RuTPU)RU\TPU\pers\35115  |9 18390 
712 0 2 |a Национальный исследовательский Томский политехнический университет (ТПУ)  |b Энергетический институт (ЭНИН)  |b Кафедра атомных и тепловых электростанций (АТЭС)  |3 (RuTPU)RU\TPU\col\18683 
801 2 |a RU  |b 63413507  |c 20160321  |g RCR 
856 4 |u http://dx.doi.org/10.1007/s10891-015-1338-8 
942 |c CF